مكتبة جامعة عجلون الوطنية

فهرس بحث المكتبة

Normal view MARC view
  • التعليم الابتدائي-فلسفة

Entry Topical Term

Number of records used in: 1

001 - CONTROL NUMBER

  • control field: 38187

003 - CONTROL NUMBER IDENTIFIER

  • control field: JO-AjAnu

005 - DATE AND TIME OF LATEST TRANSACTION

  • control field: 20230606080348.0

008 - FIXED-LENGTH DATA ELEMENTS

  • fixed length control field: 230606|| aca||aabn | a|a d

040 ## - CATALOGING SOURCE

  • Original cataloging agency: JO-AjAnu
  • Transcribing agency: JO-AjAnu

150 ## - HEADING--TOPICAL TERM

  • Topical term or geographic name entry element: التعليم الابتدائي-فلسفة

670 ## - SOURCE DATA FOUND

  • Source citation: Work cat.: (JO-AjAnu)19590: ديرون، ر.ف مؤلف، أحمد، سعد مرسي م.مشارك، قريطم، محمد أنور م.مشارك, author 38186, فلسفة التعليم الإبتدائي